00621nam a2200181 a 450000500170000000800410001704000270005804100080008504400070009311000130010024500910011326000290020430000180023365000340025165000280028565000960031371000300040920191217042721.0140113e1975 ck ||||| |||| 00| 0 spa d aCO-BoIAVH cCO-BoIAVH  aspa ack bInderena aCódigo nacional de recursos naturales renovables y de protección al medio ambiente aBogotábInderenac1986 a99. páginas14aRecursos naturales renovables14aLegislación ambiental14aCódigo Nacional de los Recursos Naturales Renovables y de Protección del Medio Ambiente aMinisterio de Agricultura